00409nam a2200121Ia 4500008004100000041001200041082002100053100003000074245011200104250001200216260004600228300001300274231217s9999 xx 000 0 und d aEnglish a670.42 RAG;1 R aRaghuwanshi, B S. Lal, S. 0aCourse in workshop technology V.2 : for the examinations of BE, BSc, AMIE, AM AC SI and engineering diploma a6th ed. c1981bNew Delhi : Dhanpat Rai,aNew Delhi avii, 548